| 000 | 00807nam a2200253Ia 4500 | ||
|---|---|---|---|
| 005 | 20220317000458.0 | ||
| 008 | 160315s2010 s g 000 0 s | ||
| 020 | _a9788432248191 | ||
| 082 | 0 | 4 |
_a928.61 _bN27c |
| 100 | 1 |
_aNeruda, Pablo, _d1904-1973 |
|
| 245 | 1 | 0 |
_aConfieso que he vivido _bmemorias _cPablo Neruda |
| 250 | _a1a. edición | ||
| 300 | _a413 páginas | ||
| 600 | 1 | 4 |
_aNeruda, Pablo, _d1904-1973 _vBiografías _950481 |
| 650 | 1 | 4 |
_2LEMB _aPoesía chilena _ySiglo XX |
| 650 | 1 | 4 |
_2LEMB _aLiteratura chilena _ySiglo XX |
| 650 | 1 | 4 |
_2LEMB _aLiteratura latinoamericana |
| 942 |
_2ddc _cBK |
||
| 264 |
_aBarcelona _bSeix Barral _c2010 |
||
| 336 |
_atexto _btxt _2rdacontent |
||
| 337 |
_asin mediación _bn _2rdamedia |
||
| 338 |
_avolumen _bnc _2rdacarrier |
||
| 040 |
_aCO-BoRNBP _bspa _erda _cCO-BoRNBP |
||
| 999 |
_c4159 _d4159 |
||